Пригоди Ханнусі (Запис № 17191)

000 -Маркер запису
Контрольне поле сталої довжини 00753nam a22002297a 4500
003 - Належність контрольного номера
Контрольне поле Uzh_bibl
008 - Кодовані дані
Контрольне поле сталої довжини 260309b |||||||| |||| 00| 0 ukr d
020 ## - Індекс ISBN
Ціна 120.00
040 ## - Джерело каталогіз.
Код мови каталог. укр.
041 ## - Код мови видання
Код мови оригіналу українська
Код мови тексту українська
080 ## - Індекс УДК
Індекс УДК 821(477.87)
090 ## - Шифри
Поличний індекс 821(477.87)
Авторський знак Ч 96
100 ## - Автор
Автор Чухран,Михайло
245 ## - Назва
Назва Пригоди Ханнусі
Відповідальність худож.А.Ісак-Дурда
Фізичний носій Текст
260 ## - Вихідні дані
Видавництво ПП Буркало
Дата видання 2025
300 ## - Фізичний опис
Обсяг 50 с.
Ілл./тип відтвор. іл.
521 ## - Примітка про цільове призначення
Примітка про цільове призначення Для молодшого шкільного віку
546 ## - Примітка про мову
Примітка про мову укр.
650 ## - Тематичні рубрики
Основна рубрика Краєзнавча література
Типове ділення Літературно-художне видання
655 ## - Термін індексування — жанр/форма
Жанр/форма Дитяча література
942 ## - ADDED ENTRY ELEMENTS (KOHA)
Джерело класифікації чи схема поличного розташування
Koha item type Книги
Фонди
Статус вилучення Статус втрати/відсутності Джерело класифікації чи схема поличного розташування Статус пошкодження Тип обігу (не для випозичання) Постійне розташування Поточне розташування Розташування у відділі Дата надходження Джерело надходження (постачальник) Інвентарний номер Повний (примірниковий) шифр зберігання Штрих-код Date last seen Дата, для якої чинна ціна заміни Тип одиниці (рівень примірника)
          Бібліотека-філія № 1 для дітей Бібліотека-філія № 1 для дітей Абонемент молодший відділ 23/03/2026 ЗОБ для дітей та юнацтва 80836 821(477.87) 19275 25/03/2026 25/03/2026 Книги

Працює на АБІС Коха